|
|
|
|
| LEADER |
00000cam a22000004a 4500 |
| 001 |
musev2_33162 |
| 003 |
MdBmJHUP |
| 005 |
20230905043509.0 |
| 006 |
m o d |
| 007 |
cr||||||||nn|n |
| 008 |
110321s1995 nju o 00 0 eng d |
| 020 |
|
|
|a 9781400821785
|
| 020 |
|
|
|z 9780691037677
|
| 020 |
|
|
|z 9781400807857
|
| 020 |
|
|
|z 9781400813582
|
| 020 |
|
|
|z 9781400807864
|
| 020 |
|
|
|z 9781400818327
|
| 020 |
|
|
|z 9780691016245
|
| 020 |
|
|
|z 9781400807871
|
| 035 |
|
|
|a (OCoLC)51480701
|
| 040 |
|
|
|a MdBmJHUP
|c MdBmJHUP
|
| 100 |
1 |
|
|a Stueck, William Whitney,
|d 1945-
|
| 245 |
1 |
4 |
|a The Korean War :
|b An International History /
|c William Stueck.
|
| 264 |
|
1 |
|a Princeton, New Jersey :
|b Princeton University Press,
|c [1995]
|
| 264 |
|
3 |
|a Baltimore, Md. :
|b Project MUSE,
|c 2015
|
| 264 |
|
4 |
|c ©[1995]
|
| 300 |
|
|
|a 1 online resource (496 pages):
|b maps
|
| 336 |
|
|
|a text
|b txt
|2 rdacontent
|
| 337 |
|
|
|a computer
|b c
|2 rdamedia
|
| 338 |
|
|
|a online resource
|b cr
|2 rdacarrier
|
| 490 |
0 |
|
|a Princeton studies in international history and politics
|
| 500 |
|
|
|a Reprint. Originally published: 1995. With corrections.
|
| 520 |
|
|
|a Presents a history and analysis of the Korean War, focusing on the contributions of the United Nations, diplomacy of the conflict, and its role in the Cold War.
|
| 588 |
|
|
|a Description based on print version record.
|
| 650 |
|
7 |
|a Korean War, 1950-1953
|x Diplomatic history.
|2 sears
|
| 650 |
|
7 |
|a Korean War, 1950-1953.
|2 sears
|
| 650 |
|
7 |
|a Diplomatic history.
|2 fast
|0 (OCoLC)fst01905576
|
| 650 |
|
7 |
|a HISTORY
|x Military
|x Korean War.
|2 bisacsh
|
| 650 |
|
6 |
|a Guerre de Coree, 1950-1953
|x Histoire diplomatique.
|
| 650 |
|
6 |
|a Guerre de Coree, 1950-1953.
|
| 650 |
|
0 |
|a Korean War, 1950-1953
|x Diplomatic history.
|
| 650 |
|
0 |
|a Korean War, 1950-1953.
|
| 655 |
|
7 |
|a Electronic books.
|2 local
|
| 710 |
2 |
|
|a Project Muse.
|e distributor
|
| 830 |
|
0 |
|a Book collections on Project MUSE.
|
| 856 |
4 |
0 |
|z Texto completo
|u https://projectmuse.uam.elogim.com/book/33162/
|
| 945 |
|
|
|a Project MUSE - Custom Collection
|
| 945 |
|
|
|a Project MUSE - Archive Complete Supplement III
|
| 945 |
|
|
|a Project MUSE - Archive History Supplement III
|